Silver in Industry /

Guardado en:
Bibliografiske detaljer
Hovedforfatter: Addicks, Lawrence (ed.)
Format: Bog
Sprog:engelsk
Udgivet: Nueva York, EUA : Reinhold, 1940, c1940
Fag:
Tags: Tilføj Tag
Ingen Tags, Vær først til at tagge denne postø!

MARC

LEADER 00000nam^a2200000^a^4500
001 000068586
005 20250521000000.0
009 20260310091335.268
037 |a Acervo ITESO - Biblioteca 
041 |a ING 
082 |a 669. 23  |b ADI 
100 |a Addicks, Lawrence  |e (ed.) 
245 1 0 |a Silver in Industry /  |c Ed. de L. Addicks. 
264 4 |a Nueva York, EUA :  |b Reinhold,  |c 1940, c1940 
300 |a 636 p. 
336 |a texto  |b txt  |2 rdacontenido 
337 |a sin mediación  |b n  |2 rdamedio 
338 |a volumen  |b nc  |2 rdasoporte 
649 |a XX 
650 |a Plata 
650 |a Aleaciones 
650 |a Metales 
650 |a Metalurgia 
650 |a Ingeniería Química 
910 |a Fondo General 
920 |a Impresos - Libros 
930 |a Colección General 
905 |a 101 
901 |a 0500023661  |b IT1  |c ACC  |u 20250521 
902 |a https://opac.biblio.iteso.mx/vufind/Record/000068586